000
00245nam a2200097Ia 4500
082
_a
EF COOP
245
0
_a
Library of the dead
100
_a
Cooper, Glenn London, 2009
_9
67480
942
_c
BK
008
210817s9999 xx 000 0 und d
999
_c
217629
_d
217628